000 00632nam a2200277Ia 4500
005 20260324150613.0
008 008 260324s9999 xx 000 0 eng d
020 _a9781315006987
037 _aEBOOK
040 _aCRL
040 _beng
040 _cCRL
041 _2eng
041 _aeng
084 _qCRL
100 _aLeonard Reissman
_91226985
245 0 _aClass in American Society
260 _bTaylor and Francis
260 _c1959
365 _a
365 _b89.99
856 _uhttp://www.taylorfrancis.com/books/9781315006987
942 _cEBOOK
999 _c1836723
_d1836723